Najsłynniejsi zawodnicy Argentyny - Statystyki

Ogólne statystyki
  • Ten quiz został rozwiązany 88 razy
  • Średni wynik to 11 z 17
Statystyki odpowiedzi
Wartość
(Transfermarkt)
Klub Pozycja Zawodnik % Poprawnych
80 mln € PSG PS Messi
100%
20 mln € PSG PS Di Maria
90%
80 mln € Inter Mediolan N Martinez
86%
50 mln € Juventus ŚN Dybala
84%
35 mln € Aston Villa BR Martinez
83%
15 mln € FC Barcelona N Aguero
74%
35 mln € PSG N Icardi
68%
5 mln € Inter Miami N Higuain
61%
8 mln € Benfica ŚO Otamendi
58%
40 mln € Atletico Madryt ŚP De Paul
54%
18 mln € Ajax Amsterdam LO Tagliafico
53%
18 mln € Sevilla LO Acuna
50%
40 mln € Atletico Madryt N Correa
50%
30 mln € Inter Mediolan ŚN Correa
50%
22 mln € PSG ŚPD Paredes
50%
22 mln € Tottenham ŚP Lo Celso
46%
1 mln € Venezia BR Romero
41%
Nie znaleziono quizów pasujących do podanych kryteriów
Rozkład punktacji
Procent ludzi z każdym wynikiem
Percentyl według liczby udzielonych odpowiedzi
Twoja historia wyników
Nie rozwiązałeś tego quizu